000
00374nam a2200133Ia 4500
008
151001s9999||||xx |||||||||||||| ||und||
100
_a
राजकुमार
245
_a
अमेरीका मे नेहरू
250
_a
4
260
_b
हिंदी प्रचारक पुस्तकालय
260
_c
1958
300
_a
141
365
_b
7
999
_c
951297
_d
951294